000
00287nam a22001217a 4500
008
230717b xxu||||| |||| 00| 0 eng d
082
_a
363.7
_b
UNEP
110
_b
UNEP
245
_a
The Pollution of Lakes and Reservoirs
260
_a
Kenya
_b
UNEP
_c
1994
300
_a
35p
942
_2
ddc
_c
BK
999
_c
3974
_d
3974